[Event "38th Nezhmetdinov Mem"]
[Site "Kazan RUS"]
[Date "2016.06.01"]
[Round "2.62"]
[White "Lenkova, Lidiya"]
[Black "Skvortsov, Vladimir"]
[Result "0-1"]
[WhiteElo "1518"]
[BlackElo "2016"]
[WhiteFideId "54102740"]
[BlackFideId "24183792"]
[EventDate "2016.05.31"]

1. c4 Nf6 2. Nf3 c6 3. b3 d5 4. Bb2 e6 5. g3 Be7 6. Bg2 O-O 7. d3 a5 8. O-O a4
9. bxa4 Nbd7 10. Nbd2 Nc5 11. Qc2 Nxa4 12. Rfd1 Ng4 13. Rab1 Nxb2 14. Qxb2 Bf6
15. d4 Qa5 16. Ra1 Be7 17. c5 f5 18. h3 Nh6 19. Ne5 g5 20. Nb3 Qd8 21. Qd2 f4
22. g4 Nf7 23. Nf3 b5 24. Nc1 Bf6 25. Nd3 Qa5 26. Nb4 Bb7 27. Nc2 Qxd2 28. Rxd2
e5 29. e3 e4 30. Nfe1 f3 31. Bf1 Ra4 32. Rdd1 Nd8 33. Rdb1 Ne6 34. Rb4 Rxb4 35.
Nxb4 Nxc5 36. Nec2 Na4 37. Rc1 Nb6 38. Na3 Ra8 39. Nb1 Nc4 40. Bxc4 bxc4 41. Nc3
Ra3 42. Nb1 Ra4 43. Nc2 Rxa2 44. Nc3 Ra7 45. Nb4 Ra3 46. Nb1 Rb3 47. Na2 Kf7 48.
Kf1 Bc8 49. Kg1 h5 50. gxh5 Bxh3 51. Kh2 Bg4 52. Nac3 Bxh5 53. Nd1 Be7 54. Nd2
Rb8 55. Kh1 Bg4 56. Kg1 Bh3 57. Kh2 Rh8 58. Kg1 Bg2 0-1

[Event "38th Nezhmetdinov Mem"]
[Site "Kazan RUS"]
[Date "2016.06.01"]
[Round "2.63"]
[White "Pavlova, Nataliy"]
[Black "Talipov, Vitaly"]
[Result "1-0"]
[WhiteElo "2010"]
[BlackElo "1616"]
[WhiteFideId "24135615"]
[BlackFideId "54123798"]
[EventDate "2016.05.31"]

1. Nf3 Nf6 2. c4 c5 3. Nc3 Nc6 4. g3 g6 5. Bg2 Bg7 6. O-O d6 7. d4 cxd4 8. Nxd4
Nxd4 9. Qxd4 O-O 10. Qd2 Qc7 11. b3 Bd7 12. Bb2 Bc6 13. e4 e6 14. Rad1 Rfd8 15.
f4 Ng4 16. Kh1 Qb6 17. Rf3 f5 18. Re1 Bd4 19. Na4 Nf2+ 20. Rxf2 Bxf2 21. Nxb6
Bxe1 22. Qd4 e5 23. fxe5 Bc3 24. Qxc3 dxe5 25. Nd5 1-0

[Event "38th Nezhmetdinov Mem"]
[Site "Kazan RUS"]
[Date "2016.06.01"]
[Round "2.64"]
[White "Kamalutdinov, Rahim"]
[Black "Filyanin, Daniil"]
[Result "0-1"]
[WhiteElo "1368"]
[BlackElo "2006"]
[WhiteFideId "24180769"]
[BlackFideId "24177300"]
[EventDate "2016.05.31"]

1. d4 d5 2. c4 c6 3. cxd5 cxd5 4. g3 Nc6 5. Bg2 Nf6 6. Nf3 Bf5 7. O-O e6 8. a3
Be7 9. Bd2 b5 10. Nc3 Qb6 11. e3 O-O 12. Rc1 Rac8 13. Ne5 Nxe5 14. dxe5 Nd7 15.
f4 Nc5 16. Kh1 Bd3 17. Rg1 Bc4 18. Qh5 Nb3 19. Rcd1 Bc5 20. Rge1 Nxd2 21. Rxd2
Bxe3 22. Rxd5 exd5 23. Bxd5 Bd2 24. e6 Bxc3 25. exf7+ Kh8 26. bxc3 Bxd5+ 27.
Qxd5 Qc6 0-1

[Event "38th Nezhmetdinov Mem"]
[Site "Kazan RUS"]
[Date "2016.06.01"]
[Round "2.65"]
[White "Gagarin, Sergey"]
[Black "Murzaev, Danil"]
[Result "1-0"]
[WhiteElo "1997"]
[BlackElo "1578"]
[WhiteFideId "24175463"]
[BlackFideId "34142727"]
[EventDate "2016.05.31"]

1. e4 e6 2. d4 d5 3. Nd2 c5 4. exd5 Qxd5 5. dxc5 Bxc5 6. Ngf3 Nf6 7. Bc4 Qd6 8.
O-O O-O 9. Nb3 Qxd1 10. Rxd1 Be7 11. Bf4 Nc6 12. c3 a6 13. a4 Bd7 14. Bd6 Rad8
15. Nc5 Bc8 16. Bxe7 Nxe7 17. a5 Nc6 18. b4 Nd7 19. Nxd7 Rxd7 20. Rxd7 Bxd7 21.
Rd1 Rd8 22. b5 axb5 23. Bxb5 Bc8 24. Rxd8+ Nxd8 25. Ne5 Kf8 26. Nc4 Nc6 27. Bxc6
bxc6 28. Nd6 Ba6 29. Ne4 Bb7 30. Nc5 Ba8 31. a6 Ke7 32. Na4 c5 33. Nxc5 Kd6 34.
Nd3 Kc7 35. f3 Kb6 36. Ne5 f6 37. Nd7+ Kxa6 38. Nc5+ Kb5 39. Nxe6 g6 40. Nc7+
Kc4 41. Nxa8 Kxc3 42. Nc7 1-0

[Event "38th Nezhmetdinov Mem"]
[Site "Kazan RUS"]
[Date "2016.06.02"]
[Round "3.1"]
[White "Kharchenko, Boris"]
[Black "Kokarev, Dmitry"]
[Result "0-1"]
[WhiteTitle "GM"]
[BlackTitle "GM"]
[WhiteElo "2467"]
[BlackElo "2622"]
[WhiteFideId "14113210"]
[BlackFideId "4132181"]
[EventDate "2016.05.31"]

1. e4 c5 2. Nf3 d6 3. c3 Nf6 4. Qc2 Qc7 5. h3 b6 6. Be2 Bb7 7. d3 g6 8. O-O Bg7
9. Nbd2 O-O 10. Re1 Nbd7 11. a3 Nh5 12. Qb3 e6 13. d4 Rac8 14. Qd1 cxd4 15. Nxd4
Nf4 16. Bf1 a6 17. g3 Nh5 18. Bg2 Nhf6 19. N2b3 Rfe8 20. Bg5 h6 21. Bd2 Ne5 22.
Qe2 Nc4 23. Bc1 d5 24. exd5 Bxd5 25. Nd2 b5 26. Nc2 Rcd8 27. a4 Nxd2 28. Bxd5
exd5 29. Qxd2 bxa4 30. Rxe8+ Rxe8 31. Rxa4 Qd7 32. Rxa6 Qxh3 33. Nd4 Ne4 34. Qe2
h5 35. Nf3 Qg4 36. Qb5 Rc8 37. Kg2 d4 38. Qd5 h4 39. Nxh4 Qe2 40. Rxg6 Qxf2+ 41.
Kh3 Qf1+ 42. Kh2 Qe2+ 43. Ng2 Rc5 44. Qd8+ Kh7 45. Rxg7+ Kxg7 46. Qxd4+ Kh7 47.
Kg1 Ra5 48. Be3 Ra1+ 49. Kh2 Qf3 50. Qe5 Nf6 51. Qe6 0-1

[Event "38th Nezhmetdinov Mem"]
[Site "Kazan RUS"]
[Date "2016.06.02"]
[Round "3.2"]
[White "Ponkratov, Pavel"]
[Black "Harutyunian, Tigran K."]
[Result "1-0"]
[WhiteTitle "GM"]
[BlackTitle "IM"]
[WhiteElo "2595"]
[BlackElo "2452"]
[WhiteFideId "4157800"]
[BlackFideId "13303635"]
[EventDate "2016.05.31"]

1. Nf3 d5 2. g3 Nf6 3. Bg2 c6 4. O-O Bg4 5. h3 Bxf3 6. Bxf3 e5 7. d3 Bd6 8. c4
d4 9. Na3 O-O 10. Nc2 a5 11. e3 Qb6 12. exd4 exd4 13. b3 Na6 14. Bg2 Rfe8 15.
Bb2 Bc5 16. a3 Rad8 17. Rb1 Bf8 18. Qf3 Qxb3 19. Nxd4 Qa2 20. Nf5 Re6 21. Nh6+
gxh6 22. Bxf6 Rxf6 23. Qxf6 Rxd3 24. Bd5 Rxd5 25. Rxb7 Rf5 26. Qxf5 Qxc4 27.
Qxa5 Nc5 28. Rb4 Qd5 29. Rg4+ Kh8 30. Qc3+ 1-0

[Event "38th Nezhmetdinov Mem"]
[Site "Kazan RUS"]
[Date "2016.06.02"]
[Round "3.3"]
[White "Moskalenko, Alexander"]
[Black "Aleksandrov, Aleksej"]
[Result "1-0"]
[WhiteTitle "IM"]
[BlackTitle "GM"]
[WhiteElo "2464"]
[BlackElo "2592"]
[WhiteFideId "4155351"]
[BlackFideId "13500139"]
[EventDate "2016.05.31"]

1. d4 Nf6 2. Bf4 d5 3. e3 e6 4. Nd2 c5 5. c3 Bd6 6. Bg3 O-O 7. Bd3 Nc6 8. Ngf3
b6 9. e4 dxe4 10. Nxe4 Nxe4 11. Bxe4 Bb7 12. dxc5 Bxc5 13. Qa4 Qc8 14. Bxh7+
Kxh7 15. Qh4+ Kg8 16. Ng5 Rd8 17. Qh7+ Kf8 18. Qh8+ Ke7 19. Qxg7 Rf8 20. Ne4 Nd8
21. Bh4+ Kd7 22. Nf6+ Kc6 23. O-O-O b5 24. b4 Be7 25. Ne4 Bxh4 26. Qxf8 Kb6 27.
Qd6+ Bc6 28. Qd4+ Kc7 29. Qe5+ Kb6 30. Nd6 Qa6 31. Qd4+ Kc7 32. Qxh4 Qxa2 33.
Qf4 Bxg2 34. Ne8+ 1-0

[Event "38th Nezhmetdinov Mem"]
[Site "Kazan RUS"]
[Date "2016.06.02"]
[Round "3.4"]
[White "Lintchevski, Daniil"]
[Black "Tsydypov, Zhamsaran"]
[Result "1-0"]
[WhiteTitle "GM"]
[BlackTitle "IM"]
[WhiteElo "2566"]
[BlackElo "2438"]
[WhiteFideId "4171055"]
[BlackFideId "4108566"]
[EventDate "2016.05.31"]

1. e4 c5 2. Nf3 e6 3. d4 cxd4 4. Nxd4 Nc6 5. Nc3 a6 6. Be2 Qc7 7. O-O Nf6 8. Be3
Bb4 9. Na4 Rb8 10. c4 Bd6 11. g3 b6 12. Rc1 Nxd4 13. Bxd4 Nxe4 14. Bf3 Ng5 15.
Bg2 e5 16. Bxb6 Rxb6 17. c5 Rb4 18. cxd6 Qb8 19. Qd2 O-O 20. Qxg5 Rxa4 21. Qxe5
Rxa2 22. Rc7 Rxb2 23. Be4 Qb5 24. Qe7 g6 25. Rfc1 Qe2 26. Qf6 Rb8 27. Bd5 Qe8
28. R1c3 1-0

[Event "38th Nezhmetdinov Mem"]
[Site "Kazan RUS"]
[Date "2016.06.02"]
[Round "3.5"]
[White "Korchmar, Vasiliy"]
[Black "Fedorov, Alexei"]
[Result "1/2-1/2"]
[WhiteTitle "IM"]
[BlackTitle "GM"]
[WhiteElo "2437"]
[BlackElo "2565"]
[WhiteFideId "24131750"]
[BlackFideId "13500465"]
[EventDate "2016.05.31"]

1. d4 Nf6 2. c4 g6 3. Nc3 Bg7 4. e4 d6 5. h3 O-O 6. Nf3 e5 7. d5 a5 8. g4 Nfd7
9. Be3 Nc5 10. Rg1 Nba6 11. h4 Bd7 12. h5 c6 13. Nd2 a4 14. a3 cxd5 15. cxd5 b5
16. Qf3 b4 17. Nd1 bxa3 18. Rxa3 Nb4 19. Rc3 a3 20. Bxc5 dxc5 21. bxa3 Rxa3 22.
Bc4 Nc2+ 23. Kf1 Nd4 24. Qh3 Ra1 25. Kg2 Qg5 26. Ne3 Rxg1+ 27. Kxg1 Ra8 28. Kg2
Bh6 29. hxg6 hxg6 30. Nf3 Qf4 31. d6 Kg7 32. Qg3 Qxg3+ 33. fxg3 Nxf3 34. Kxf3
Bxe3 35. Kxe3 Bxg4 36. Bb5 Rd8 37. d7 Kf8 38. Rxc5 f6 39. Rc8 Rxc8 40. dxc8=Q+
Bxc8 41. Bc6 Ke7 42. Kf3 Bd7 43. Bd5 Ba4 44. Ke3 Bd1 45. Bg8 Bg4 46. Bd5 1/2-1/2

[Event "38th Nezhmetdinov Mem"]
[Site "Kazan RUS"]
[Date "2016.06.02"]
[Round "3.6"]
[White "Smirnov, Pavel"]
[Black "Sharafiev, Azat"]
[Result "0-1"]
[WhiteTitle "GM"]
[BlackTitle "IM"]
[WhiteElo "2564"]
[BlackElo "2435"]
[WhiteFideId "4123425"]
[BlackFideId "4186214"]
[EventDate "2016.05.31"]

1. d4 Nf6 2. c4 e6 3. g3 c5 4. Nf3 cxd4 5. Nxd4 Qc7 6. Nc3 a6 7. Bg2 Qxc4 8. Bf4
Nh5 9. Be3 Qc7 10. O-O Nc6 11. Rc1 Be7 12. Na4 O-O 13. Nb6 Rb8 14. Qc2 f5 15.
Nb3 Kh8 16. Rfd1 f4 17. Bc5 d6 18. Bd4 e5 19. Nd5 Qd7 20. Bb6 Bd8 21. Bxd8 Qxd8
22. Nc3 fxg3 23. hxg3 Nxg3 24. fxg3 Qb6+ 25. Kh2 Rf6 26. Qd2 Rh6+ 27. Qxh6 gxh6
28. Rxd6 Bf5 29. Nd5 Qb5 30. Nc3 Qb6 31. Rxh6 Qe3 0-1

[Event "38th Nezhmetdinov Mem"]
[Site "Kazan RUS"]
[Date "2016.06.02"]
[Round "3.7"]
[White "Khegay, Dmitriy"]
[Black "Rozum, Ivan"]
[Result "1/2-1/2"]
[WhiteTitle "FM"]
[BlackTitle "GM"]
[WhiteElo "2434"]
[BlackElo "2559"]
[WhiteFideId "24153729"]
[BlackFideId "24104272"]
[EventDate "2016.05.31"]

1. d4 Nf6 2. c4 e6 3. Nc3 Bb4 4. e3 O-O 5. Bd3 d5 6. Nf3 b6 7. O-O Bb7 8. a3
Bxc3 9. bxc3 dxc4 10. Bxc4 Nbd7 11. Bb2 c5 12. Bd3 Qc7 13. c4 cxd4 14. exd4 Be4
15. Bxe4 Nxe4 16. Qd3 Nef6 17. Rac1 Rac8 18. Rfd1 Qb7 19. a4 Rc7 20. Ba3 Rfc8
21. Ne5 Nxe5 22. dxe5 Rd7 23. Qe2 Ne8 24. c5 bxc5 25. Bxc5 Rdc7 26. Be3 Rxc1 27.
Rxc1 Rxc1+ 28. Bxc1 Nc7 29. Qc4 Nd5 30. h3 h6 31. Qc2 Qa6 32. Kh2 Nb6 33. Be3
Nxa4 34. Qc7 Nb6 35. Qd8+ Kh7 36. Qc7 Nc4 37. Bd4 Kg8 38. Qd8+ Kh7 39. Qc7 Kg8
40. Qd8+ 1/2-1/2

[Event "38th Nezhmetdinov Mem"]
[Site "Kazan RUS"]
[Date "2016.06.02"]
[Round "3.8"]
[White "Shomoev, Anton"]
[Black "Vignesh, N R"]
[Result "1-0"]
[WhiteTitle "GM"]
[BlackTitle "IM"]
[WhiteElo "2553"]
[BlackElo "2432"]
[WhiteFideId "4135148"]
[BlackFideId "25012215"]
[EventDate "2016.05.31"]

1. e4 e5 2. Nf3 Nc6 3. Bb5 a6 4. Ba4 d6 5. O-O Bd7 6. d4 Nf6 7. Bxc6 Bxc6 8. Re1
Be7 9. Nc3 exd4 10. Nxd4 Bd7 11. Bf4 O-O 12. Qd3 Re8 13. Rad1 Bf8 14. h3 g6 15.
e5 Nh5 16. Bh2 dxe5 17. Bxe5 c5 18. Nb3 Bc6 19. Qxd8 Raxd8 20. Rxd8 Rxd8 21. Na5
f6 22. Nxc6 bxc6 23. g4 fxe5 24. gxh5 gxh5 25. Rxe5 Rd2 26. Re2 Rd4 27. Kg2 Kf7
28. Kf3 h4 29. Ne4 Kg6 30. Nd2 Kf5 31. b3 h5 32. Nc4 Rf4+ 33. Kg2 Re4 34. Re3
Be7 35. Kf3 Rf4+ 36. Ke2 Re4 37. c3 Kf4 38. Rxe4+ Kxe4 39. Na5 Bf6 40. c4 Kd4
41. Nxc6+ Kc3 42. f4 Kb2 43. Kd3 Kxa2 44. Kc2 Ka3 45. f5 Bg5 46. Nb8 a5 47. Nd7
Kb4 48. f6 a4 49. bxa4 Kxc4 50. f7 Bh6 51. f8=Q Bxf8 52. Nxf8 Kb4 53. Ng6 Kxa4
54. Nxh4 Kb4 55. Ng6 Kc4 56. Nf4 h4 57. Ng2 Kd4 58. Nxh4 Ke4 59. Ng2 Kf3 60. Kc3 1-0

[Event "38th Nezhmetdinov Mem"]
[Site "Kazan RUS"]
[Date "2016.06.02"]
[Round "3.9"]
[White "Faizrakhmanov, Ramil"]
[Black "Pridorozhni, Aleksei"]
[Result "1/2-1/2"]
[WhiteTitle "FM"]
[BlackTitle "GM"]
[WhiteElo "2422"]
[BlackElo "2552"]
[WhiteFideId "24103209"]
[BlackFideId "4127870"]
[EventDate "2016.05.31"]

1. d4 e6 2. c4 f5 3. g3 Nf6 4. Bg2 c6 5. Qc2 d5 6. Nh3 Bd6 7. O-O O-O 8. b3 Qe7
9. Bf4 e5 10. dxe5 Bxe5 11. Bxe5 Qxe5 12. Nd2 Na6 13. Nf4 Nc7 14. Rfd1 Qe7 15.
cxd5 Ncxd5 16. Nxd5 Nxd5 17. Bxd5+ cxd5 18. Nf3 Be6 19. Rac1 Rac8 20. Qb2 f4 21.
Qe5 fxg3 22. hxg3 Qf6 23. Qxf6 gxf6 24. Nd4 Bd7 25. f3 h5 26. Kf2 Kf7 27. e3 Ke7
28. Ne2 Be6 29. Nf4 Bf7 30. Ke2 Rc6 31. Rxc6 bxc6 32. Rh1 Rh8 33. Rh4 Rg8 34.
Nxh5 Bxh5 35. Rxh5 Rxg3 36. Rh7+ Kd6 37. Rxa7 Rg2+ 38. Kd3 Rb2 39. f4 f5 40. Ra8
Kc5 41. Kc3 Re2 42. b4+ Kd6 43. Kd3 Rb2 44. a3 Rb1 45. Kc2 Re1 46. Re8 d4 47.
Rd8+ Kc7 48. Rxd4 Rxe3 49. a4 Ra3 50. a5 Rf3 51. Rc4 Kb7 52. Kb2 Re3 53. Kc2 Rf3
54. Kd2 Rb3 55. Ke2 Rh3 56. Rc5 Rb3 57. Rxf5 Rxb4 58. Ke3 Ra4 59. Re5 Kc7 60.
Re7+ Kd6 61. Ra7 Ra3+ 62. Ke4 Ra4+ 63. Kf5 c5 64. Ra8 c4 65. a6 c3 66. Rc8 Rxa6
67. Rxc3 Ke7 68. Rc7+ Kf8 69. Kg5 1/2-1/2

[Event "38th Nezhmetdinov Mem"]
[Site "Kazan RUS"]
[Date "2016.06.02"]
[Round "3.10"]
[White "Maiorov, Nikita1"]
[Black "Mohammad, Nubairshah Shaikh"]
[Result "1-0"]
[WhiteTitle "GM"]
[WhiteElo "2538"]
[BlackElo "2413"]
[WhiteFideId "13501720"]
[BlackFideId "5053196"]
[EventDate "2016.05.31"]

1. g3 d5 2. Nf3 Nf6 3. Bg2 g6 4. b3 Bg7 5. Bb2 O-O 6. c4 c6 7. O-O a5 8. d3 b5
9. Nbd2 a4 10. b4 a3 11. Bc3 Ra4 12. Qc2 dxc4 13. dxc4 Bf5 14. Qb3 Ne4 15. Bxg7
Nxd2 16. Nxd2 Kxg7 17. Qc3+ Kg8 18. Nb3 bxc4 19. Nc5 Ra7 20. Qxc4 Qb6 21. Rfc1
Rd8 22. e4 Bc8 23. e5 Na6 24. e6 Qxb4 25. exf7+ Kg7 26. Ne6+ Bxe6 27. Qxe6 Rd6
28. Qe3 Qd4 29. Qxa3 Nb4 30. Qb3 Nd3 31. Rf1 Rf6 32. Rad1 Rd7 33. Rd2 c5 34. Rc2
Rxf7 35. a4 Rf6 36. a5 Ne5 37. Qc3 c4 38. Qxd4 Rxd4 39. Bb7 Nc6 40. a6 Na7 41.
Rfc1 g5 42. Rxc4 Rd2 43. Rc7 Kf8 44. R1c2 Rd1+ 45. Kg2 Nb5 46. R7c5 1-0

[Event "38th Nezhmetdinov Mem"]
[Site "Kazan RUS"]
[Date "2016.06.02"]
[Round "3.11"]
[White "Yudin, Sergei"]
[Black "Isajevsky, Anton"]
[Result "1-0"]
[WhiteTitle "GM"]
[BlackTitle "FM"]
[WhiteElo "2530"]
[BlackElo "2403"]
[WhiteFideId "4159659"]
[BlackFideId "4142500"]
[EventDate "2016.05.31"]

1. e4 c5 2. Nf3 e6 3. g3 Nc6 4. Bg2 Nf6 5. Nc3 d6 6. O-O Be7 7. d3 O-O 8. Ng5
Rb8 9. f4 Bd7 10. g4 Ne8 11. Nf3 f5 12. exf5 exf5 13. g5 Nc7 14. d4 Be8 15. Be3
Bf7 16. Qd2 Nd5 17. Nxd5 Bxd5 18. dxc5 dxc5 19. Rad1 Be4 20. Qc3 Qa5 21. Qxa5
Nxa5 22. Ne5 Bxg2 23. Kxg2 Rfd8 24. Bd2 Nc6 25. Nxc6 bxc6 26. Bc3 Kf7 27. Kf3
Rd5 28. Rde1 Bf8 29. h4 Re8 30. h5 Rd6 31. Rxe8 Kxe8 32. Re1+ Kf7 33. Re5 Rd5
34. g6+ hxg6 35. hxg6+ Kxg6 36. Re6+ Kf7 37. Rxc6 Rd7 38. Be5 Be7 39. c4 Rb7 40.
Ke2 Rd7 41. a4 a5 42. Bc3 Ra7 43. Rb6 g6 44. Kf3 Rd7 45. Rb5 Bf6 46. Bxf6 Kxf6
47. Rxc5 Rd3+ 48. Ke2 Rd4 49. Ke3 Re4+ 50. Kf3 Rd4 51. Rxa5 Rxc4 52. Ra6+ Ke7
53. a5 Ra4 54. Kg3 Kd7 55. b3 Ra3 56. Kh4 Rxb3 57. Rxg6 Ke7 58. Kg5 Ra3 59. a6
Kf7 60. Rf6+ Ke7 61. Kxf5 1-0

[Event "38th Nezhmetdinov Mem"]
[Site "Kazan RUS"]
[Date "2016.06.02"]
[Round "3.12"]
[White "Yagupov, Igor"]
[Black "Hasangatin, Ramil"]
[Result "1-0"]
[WhiteTitle "GM"]
[BlackTitle "GM"]
[WhiteElo "2400"]
[BlackElo "2512"]
[WhiteFideId "4113632"]
[BlackFideId "4122160"]
[EventDate "2016.05.31"]

1. e4 Nf6 2. e5 Nd5 3. d4 d6 4. Nf3 g6 5. Bc4 c6 6. O-O Bg7 7. exd6 Qxd6 8. Nbd2
O-O 9. Bb3 Nd7 10. Re1 b6 11. Nc4 Qc7 12. Bg5 a5 13. a4 N7f6 14. Bh4 Ba6 15. Bg3
Qb7 16. Nce5 Bh6 17. h4 Rad8 18. c3 c5 19. Qc2 e6 20. Rad1 Bg7 21. dxc5 bxc5 22.
Nc4 Bxc4 23. Bxc4 Rc8 24. Qe2 Qb6 25. Ne5 Rfd8 26. Ba6 Ra8 27. Bb5 Bf8 28. Qf3
Bg7 1-0

[Event "38th Nezhmetdinov Mem"]
[Site "Kazan RUS"]
[Date "2016.06.02"]
[Round "3.13"]
[White "Iljiushenok, Ilia"]
[Black "Kanter, Eduard"]
[Result "1-0"]
[WhiteTitle "IM"]
[BlackTitle "IM"]
[WhiteElo "2499"]
[BlackElo "2375"]
[WhiteFideId "24105074"]
[BlackFideId "4103963"]
[EventDate "2016.05.31"]

1. e4 c5 2. Nf3 d6 3. d4 cxd4 4. Nxd4 Nf6 5. Nc3 g6 6. Be3 Bg7 7. f3 O-O 8. Qd2
Nc6 9. g4 Be6 10. Nxe6 fxe6 11. O-O-O Ne5 12. Be2 Qc8 13. h4 Nfd7 14. h5 Nc4 15.
Bxc4 Qxc4 16. hxg6 hxg6 17. f4 Bxc3 18. bxc3 Qxa2 19. Qh2 Kf7 20. Qh7+ Ke8 21.
e5 dxe5 22. Qxg6+ Kd8 23. Qe4 Qa1+ 24. Kd2 Qa5 25. fxe5 Qxe5 26. Qxb7 Rc8 27.
Ke2 Qc7 28. Qxc7+ Rxc7 29. Bd4 Ke8 30. Ra1 Rg8 31. Rhg1 e5 32. Rxa7 Rc8 33. Be3
Nf6 34. g5 Nd5 35. g6 Nxe3 36. Kxe3 Rg7 37. Rh1 Kf8 38. Rh8+ Rg8 39. Rxg8+ Kxg8
40. Rxe7 Rxc3+ 41. Kd2 Rg3 42. Rxe5 Rxg6 43. c4 Kf7 44. Kc3 Rg8 45. Kb4 Rb8+ 46.
Ka5 Kf6 47. Re1 Rc8 48. Kb5 Rb8+ 49. Ka6 Rc8 50. Rc1 Ke7 51. Kb7 Rc5 52. Kb6 Rh5
53. c5 Kd8 54. Ra1 Rh2 55. Ra8+ Kd7 56. c6+ 1-0

[Event "38th Nezhmetdinov Mem"]
[Site "Kazan RUS"]
[Date "2016.06.02"]
[Round "3.15"]
[White "Nesterov, Arseniy"]
[Black "Bocharov, Dmitry"]
[Result "0-1"]
[BlackTitle "GM"]
[WhiteElo "2273"]
[BlackElo "2597"]
[WhiteFideId "24198455"]
[BlackFideId "4138716"]
[EventDate "2016.05.31"]

1. d4 d6 2. c4 e5 3. Nc3 exd4 4. Qxd4 Nc6 5. Qd2 Nf6 6. b3 g6 7. Bb2 Bg7 8. g3
O-O 9. Bg2 Bf5 10. Nh3 Re8 11. O-O Ne5 0-1

[Event "38th Nezhmetdinov Mem"]
[Site "Kazan RUS"]
[Date "2016.06.02"]
[Round "3.16"]
[White "Severina, Maria"]
[Black "Shariyazdanov, Andrey"]
[Result "0-1"]
[WhiteTitle "WIM"]
[BlackTitle "GM"]
[WhiteElo "2330"]
[BlackElo "2527"]
[WhiteFideId "4116909"]
[BlackFideId "4122747"]
[EventDate "2016.05.31"]

1. Nf3 e6 2. c4 f5 3. g3 Nf6 4. Bg2 Be7 5. O-O O-O 6. Nc3 d5 7. cxd5 exd5 8. d4
c6 9. Ne5 Nbd7 10. f4 Ne8 11. Nxd5 cxd5 12. Bxd5+ Kh8 13. Nf7+ Rxf7 14. Bxf7
Ndf6 15. e3 Bd7 16. Bb3 Bc6 17. Bd2 Bd5 18. Bxd5 Nxd5 19. g4 Qd7 20. g5 Nd6 21.
Rc1 Ne4 22. Qe2 Re8 23. Rfe1 Nxd2 24. Qxd2 Bb4 25. Rc3 Bxc3 26. bxc3 Qc6 0-1

[Event "38th Nezhmetdinov Mem"]
[Site "Kazan RUS"]
[Date "2016.06.02"]
[Round "3.17"]
[White "Gabrielian, Artur"]
[Black "Samusenko, Maksim"]
[Result "1/2-1/2"]
[WhiteTitle "GM"]
[BlackTitle "FM"]
[WhiteElo "2520"]
[BlackElo "2329"]
[WhiteFideId "4131002"]
[BlackFideId "4112253"]
[EventDate "2016.05.31"]

1. e4 c5 2. Nf3 Nc6 3. d4 cxd4 4. Nxd4 Nf6 5. Nc3 e5 6. Ndb5 d6 7. Bg5 a6 8. Na3
b5 9. Bxf6 gxf6 10. Nd5 Bg7 11. c3 f5 12. exf5 Bxf5 13. Nc2 O-O 14. Nce3 Be6 15.
Bd3 f5 16. O-O Kh8 17. Bc2 Ne7 18. a4 bxa4 19. Rxa4 a5 20. Nxe7 Qxe7 21. Qh5 e4
22. Rfa1 Rab8 23. Nd1 d5 24. Rxa5 d4 25. Ra7 Rb7 26. Rxb7 Qxb7 27. cxd4 Rc8 28.
Qe2 Bxd4 29. g3 Qg7 30. Qa6 Qf6 31. Bb3 Bd7 32. Qb7 Qc6 33. Qxc6 Rxc6 34. Ra8+
Kg7 35. Rd8 Rc7 36. Be6 Bxf2+ 37. Kxf2 Bxe6 38. Nc3 Rb7 39. Rd2 Kf6 40. g4 fxg4
41. Nxe4+ Ke5 42. Nc5 Rf7+ 43. Kg1 Bc4 44. b3 Bb5 45. Nd3+ Bxd3 46. Rxd3 h5 47.
h3 gxh3 48. Rxh3 Kd4 49. Rxh5 Kc3 50. Rh3+ 1/2-1/2

[Event "38th Nezhmetdinov Mem"]
[Site "Kazan RUS"]
[Date "2016.06.02"]
[Round "3.18"]
[White "Yandemirov, Valeri"]
[Black "Zhitnikov, Konstantin"]
[Result "1/2-1/2"]
[WhiteTitle "GM"]
[WhiteElo "2388"]
[BlackElo "2274"]
[WhiteFideId "4102622"]
[BlackFideId "34152846"]
[EventDate "2016.05.31"]

1. e4 c5 2. Nf3 e6 3. c4 Nc6 4. d4 cxd4 5. Nxd4 Nf6 6. Nc3 Bb4 7. Nxc6 dxc6 8.
Qxd8+ Kxd8 9. e5 Nd7 10. Bf4 b6 11. h4 f6 12. O-O-O Bxc3 13. bxc3 Ke7 14. exf6+
gxf6 15. g4 e5 16. Bg3 Nc5 17. g5 Bg4 18. gxf6+ Ke6 19. Re1 e4 20. Bf4 Bf3 21.
Rh3 Kxf6 22. Bd6 Rhe8 23. Bxc5 bxc5 24. Be2 Bxe2 25. Rxe2 Re7 26. Rhe3 Rae8 27.
Kc2 Re6 28. f3 exf3 29. Rxf3+ Ke7 30. Ref2 Kd6 31. Rd3+ Kc7 32. Rf7+ R8e7 33.
Rdf3 Kd6 34. Rd3+ Kc7 35. Rdf3 Kd6 36. Rxe7 Rxe7 37. Kb3 Kc7 38. Rf6 Kb6 39. h5
Re5 40. Rh6 Re7 41. a4 a5 42. Kc2 Rd7 43. Rf6 Kb7 44. h6 Kb6 45. Re6 Kb7 46. Re8
Kb6 1/2-1/2

[Event "38th Nezhmetdinov Mem"]
[Site "Kazan RUS"]
[Date "2016.06.02"]
[Round "3.19"]
[White "Nikitenko, Mihail"]
[Black "Nebolsina, Vera"]
[Result "1-0"]
[BlackTitle "WGM"]
[WhiteElo "2374"]
[BlackElo "2186"]
[WhiteFideId "13506862"]
[BlackFideId "4163591"]
[EventDate "2016.05.31"]

1. Nf3 c5 2. g3 g6 3. Bg2 Bg7 4. O-O Nc6 5. d3 d6 6. e4 e6 7. Nc3 Nge7 8. Nh4
O-O 9. f4 f5 10. exf5 gxf5 11. Be3 b5 12. Rb1 Rb8 13. Ne2 Nd4 14. h3 Bb7 15. Nf3
Nd5 16. Bf2 Qe7 17. Re1 Bf6 18. a3 Nc6 19. c4 bxc4 20. dxc4 Nb6 21. Qc2 Qg7 22.
b4 Nd7 23. Qd2 e5 24. Qxd6 e4 25. bxc5 exf3 26. Bxf3 Nde5 27. fxe5 Nxe5 28. Bd5+ 1-0

[Event "38th Nezhmetdinov Mem"]
[Site "Kazan RUS"]
[Date "2016.06.02"]
[Round "3.20"]
[White "Timofeev, Artyom"]
[Black "Lilov, Aleksandr"]
[Result "1-0"]
[WhiteTitle "GM"]
[WhiteElo "2598"]
[BlackElo "1935"]
[WhiteFideId "4140419"]
[BlackFideId "24180513"]
[EventDate "2016.05.31"]

1. d4 c5 2. d5 g6 3. e4 Bg7 4. Nf3 d6 5. h3 Nf6 6. Nc3 O-O 7. Nd2 e6 8. Be2 Na6
9. O-O Nc7 10. Bf3 exd5 11. exd5 b5 12. Nde4 Bf5 13. Ng3 b4 14. Nxf5 gxf5 15.
Ne2 Ne4 16. Qd3 Re8 17. Ng3 Nxg3 18. fxg3 Qf6 19. Kh2 Re5 20. Bf4 Rae8 21. a3
bxa3 22. Rxa3 a6 23. Bxe5 Qxe5 24. Ra4 Qxb2 25. Bh5 Qb5 26. Bxf7+ Kxf7 27. Qxf5+
Kg8 28. Rg4 Kh8 29. Rxg7 Kxg7 30. Qg5+ Kh8 31. Rf7 Qb2 32. Qh6 1-0